Is the Population of This Country Increasing or Decreasing? - Statistics

General Stats
  • This quiz has been taken 84 times
  • The average score is 12 of 15
Answer Stats
Question Answer % Correct
Japan Decreasing population
100%
Germany Decreasing population
100%
Nigeria Increasing population
100%
Italy Decreasing population
83%
Russia Decreasing population
83%
China Decreasing population
83%
South Korea Decreasing population
83%
Cuba Decreasing population
83%
Brazil Increasing population
83%
Canada Increasing population
83%
Indonesia Increasing population
83%
Spain Decreasing population
67%
Australia Increasing population
67%
South Africa Increasing population
67%
Sweden Increasing population
67%
No matching quizzes found
Score Distribution
Percent of People with Each Score
Percentile by Number Answered
Your Score History
You have not taken this quiz